Optimum feeding of dairy animals
Сохранить в:
| Главный автор: | |
|---|---|
| Формат: | |
| Язык: | Undetermined |
| Опубликовано: |
Athens
The University of Georgia press
1973
|
| Предметы: | |
| Метки: |
Добавить метку
Нет меток, Требуется 1-ая метка записи!
|
| Thư viện lưu trữ: | Trung tâm Học liệu Trường Đại học Cần Thơ |
|---|
| LEADER | 00536nam a2200193Ia 4500 | ||
|---|---|---|---|
| 001 | CTU_125822 | ||
| 008 | 210402s9999 xx 000 0 und d | ||
| 082 | |a 636.084 | ||
| 082 | |b C967 | ||
| 100 | |a McCullough, Marshall | ||
| 245 | 0 | |a Optimum feeding of dairy animals | |
| 245 | 0 | |c Marshall McCullough, George P. Joiner | |
| 260 | |a Athens | ||
| 260 | |b The University of Georgia press | ||
| 260 | |c 1973 | ||
| 650 | |a Animal | ||
| 650 | |x Nutrition | ||
| 904 | |i Hiếu | ||
| 980 | |a Trung tâm Học liệu Trường Đại học Cần Thơ | ||